Sports Quiz

Random Sports or Basketball Quiz
Score 0/18 Timer 05:00
3 Plays Today
% Correct
North Dakota State
65.8%
North Dakota
63.3%
South Dakota State
61.8%
South Dakota
59.9%
Denver
58.1%
Bison
53.6%
Kansas City
48.5%
Jackrabbits
47.6%
Oral Roberts
46.9%
% Correct
Western Illinois
44.9%
Nebraska at Omaha
41.5%
Coyotes
39%
Pioneers
37.7%
Golden Eagles
35.5%
Leathernecks
35.3%
Fighting Hawks
35.2%
Roos
34.1%
Mavericks
33.4%
Remove Ads.
Support Sporcle.
Get the best of Sporcle when you Go Orange. This ad-free experience offers more features, more stats, and more fun while also helping to support Sporcle. Thank you for becoming a member.

You're not logged in!

Compare scores with friends on all Sporcle quizzes.
OR
Log In

Show Comments

Extras

Top Quizzes Today


Score Distribution

Your Account Isn't Verified!

In order to create a playlist on Sporcle, you need to verify the email address you used during registration. Go to your Sporcle Settings to finish the process.

Report this User

Report this user for behavior that violates our Community Guidelines.

Details: